[Event "NM for klubblag 2010"]
[Site "Drammen"]
[Date "2010.10.09"]
[Round "2"]
[Board "79"]
[White "Gonzalez, Francisco"]
[Black "Berntsen, Eivind Sæteren"]
[Result "1-0"]
[WhiteElo "1750"]
[BlackElo "1238"]
[PlyCount "129"]
[WhiteTeam "Asker 2"]
[BlackTeam "Nordstrand 3"]

1. e4 c5 2. Nf3 d6 3. d4 cxd4 4. Nxd4 Nf6 5. Nc3 g6 6. f3 Bg7 7. Be3 O-O 8. Qd2
Nc6 9. O-O-O Ne5 10. h3 a6 11. f4 Nc6 12. g4 Qa5 13. Nb3 Qb4 14. a3 Nxe4 15.
axb4 Nxd2 16. Rxd2 Nxb4 17. Bg2 a5 18. Nd5 Nxd5 19. Bxd5 e6 20. Bg2 d5 21. Bc5
a4 22. Nd4 Bxd4 23. Bxd4 b5 24. Bf6 h6 25. Rg1 Bb7 26. h4 b4 27. h5 b3 28. Be7
Rfc8 29. Ba3 Rc4 30. Rf2 Rac8 31. c3 R8c7 32. Bd6 Rd7 33. Be5 Ba6 34. Bf1 Rc6
35. Bxa6 Rxa6 36. g5 Rc6 37. gxh6 Kh7 38. hxg6+ fxg6 39. Rfg2 d4 40. Rd2 a3 41.
Rxd4 Rxd4 42. Bxd4 a2 43. Kd2 Ra6 44. Ra1 Ra5 45. c4 Rf5 46. Bg7 Rxf4 47. Kc3
Rf3+ 48. Kb4 g5 49. c5 g4 50. c6 g3 51. c7 g2 52. Bd4 Rf8 53. Kxb3 Rc8 54. Rxa2
Rxc7 55. Ra7 Rxa7 56. Bxa7 Kxh6 57. Bg1 Kg5 58. Kc4 Kf4 59. b4 e5 60. b5 e4 61.
b6 e3 62. b7 Kf3 63. b8=Q Ke2 64. Qb3 Kf1 65. Qd1# 1-0

[Event "NM for klubblag 2010"]
[Site "Drammen"]
[Date "2010.10.09"]
[Round "2"]
[Board "80"]
[White "Tryggestad, Andreas G"]
[Black "Lund, Petter"]
[Result "0-1"]
[WhiteElo "1017"]
[BlackElo "1552"]
[PlyCount "90"]
[WhiteTeam "Nordstrand 3"]
[BlackTeam "Asker 2"]

1. e4 e5 2. Nf3 Nc6 3. Bb5 a6 4. Ba4 Nf6 5. O-O Be7 6. Re1 b5 7. Bb3 O-O 8. c3
d6 9. d4 Bg4 10. Bg5 Bxf3 11. gxf3 Na5 12. Bc2 Nh5 13. Be3 Bg5 14. Kh1 Bf4 15.
Rg1 Nc4 16. Qc1 Qf6 17. Bd1 Qh6 18. Bxf4 Nxf4 19. b3 Nb6 20. c4 bxc4 21. bxc4
Qf6 22. d5 Nd7 23. Nd2 Nd3 24. Qc3 Nxf2+ 25. Kg2 Qh4 26. Bc2 Nh3 27. Qe3 Nxg1
28. Rxg1 Qf4 29. Qe2 Rfb8 30. Bb3 Nc5 31. Kf1 a5 32. Qg2 g6 33. Ke2 a4 34. Bd1
Rb2 35. Ke1 Nd3+ 36. Kf1 Rxd2 37. Be2 Rxa2 38. Qh3 Qc1+ 39. Kg2 Rxe2+ 40. Kh1
Nf2+ 41. Kg2 Qxg1+ 42. Kxg1 Nxh3+ 43. Kf1 Rf2+ 44. Ke1 Rb8 45. Kd1 Rb1# 0-1

[Event "NM for klubblag 2010"]
[Site "Drammen"]
[Date "2010.10.09"]
[Round "2"]
[Board "81"]
[White "Mikalsen, Erlend"]
[Black "Jørgensen, Line Jin"]
[Result "1-0"]
[WhiteElo "1931"]
[BlackElo "1799"]
[PlyCount "85"]
[WhiteTeam "Alta"]
[BlackTeam "Sevland"]

1. e4 e5 2. Bc4 Nc6 3. Nf3 Bc5 4. d3 Nf6 5. c3 O-O 6. O-O d6 7. Nbd2 Bg4 8. Re1
a6 9. Bb3 Re8 10. Nf1 Ne7 11. h3 Be6 12. Bc2 Ng6 13. Ng3 d5 14. exd5 Bxd5 15.
Be3 Bf8 16. d4 exd4 17. Nxd4 c5 18. Nb3 Qc7 19. Nh5 Rad8 20. Nxf6+ gxf6 21. Qh5
b6 22. Rad1 Qc6 23. Qg4 Bg7 24. f4 a5 25. Qg3 Kh8 26. Bb1 Qc7 27. Qf2 Rg8 28.
Nd2 Bh6 29. Ne4 Qc6 30. Ng3 Rde8 31. Nf5 Bf8 32. g3 Be6 33. Kh2 Ne7 34. Nd6 Ra8
35. f5 Bd5 36. Bf4 Nc8 37. Ne8 Ne7 38. Nxf6 Bg7 39. Nxg8 Rxg8 40. Rxe7 Bf6 41.
Rc7 Qa8 42. Rd7 Bf3 43. R1d6 1-0

[Event "NM for klubblag 2010"]
[Site "Drammen"]
[Date "2010.10.09"]
[Round "2"]
[Board "82"]
[White "Sevland, Knut Normann"]
[Black "Mikalsen, Harald"]
[Result "0-1"]
[WhiteElo "1107"]
[BlackElo "1696"]
[PlyCount "108"]
[WhiteTeam "Sevland"]
[BlackTeam "Alta"]

1. e4 e5 2. Nf3 Nc6 3. Bb5 a6 4. Ba4 Nf6 5. O-O d6 6. Bxc6+ bxc6 7. d3 Be7 8.
Bg5 Rb8 9. b3 h6 10. Be3 O-O 11. h3 Re8 12. Qc1 Bf8 13. g4 d5 14. Nbd2 d4 15.
Bxh6 gxh6 16. Nc4 Nd7 17. Kh1 Bg7 18. Rg1 Nb6 19. g5 hxg5 20. Rxg5 f6 21. Rg3
Nxc4 22. dxc4 Kf7 23. Ng1 Rh8 24. Qf1 Qd6 25. Qg2 Rh7 26. Ne2 Rxh3+ 27. Rxh3
Bxh3 28. Qg3 Rh8 29. Kg1 Rh6 30. Qf3 Bg4 31. Qd3 Rh3 32. Ng3 Bh6 33. Kg2 Bf4
34. Rh1 Rxh1 35. Nxh1 Qf8 36. f3 Be6 37. Nf2 Qh6 38. Ng4 Qh4 39. Kf1 Bxg4 40.
fxg4 Be3 41. Kg2 Qxg4+ 42. Kf1 Qf3+ 43. Ke1 Kg6 44. c5 Bf2+ 45. Kd2 Qxd3+ 46.
cxd3 f5 47. Ke2 fxe4 48. dxe4 Be3 49. b4 Bc1 50. a4 Ba3 51. b5 cxb5 52. axb5
axb5 53. c6 b4 54. Kd3 b3 0-1

[Event "NM for klubblag 2010"]
[Site "Drammen"]
[Date "2010.10.09"]
[Round "2"]
[Board "84"]
[White "Andreassen, Jonas"]
[Black "Romsdal, Jørn"]
[Result "0-1"]
[WhiteElo "643"]
[BlackElo "1392"]
[PlyCount "88"]
[WhiteTeam "Sevland"]
[BlackTeam "Alta"]

1. e4 e5 2. Nf3 Nc6 3. Bc4 Bc5 4. Nxe5 Bxf2+ 5. Kxf2 Nxe5 6. d3 Nf6 7. h3 Nxc4
8. dxc4 Nxe4+ 9. Kg1 Qh4 10. Qe2 O-O 11. Be3 Re8 12. Qg4 Qe1+ 13. Kh2 Qxe3 14.
Nc3 Nf2 15. Qf3 Qxf3 16. gxf3 Nxh1 17. Rxh1 c6 18. Rg1 Re5 19. Ne4 d5 20. Nf6+
Kh8 21. h4 gxf6 22. cxd5 Rxd5 23. Rg2 Bf5 24. c4 Rd3 25. Rf2 Rad8 26. Kg3 Be4
27. Kf4 Rxf3+ 28. Rxf3 Bxf3 29. Kxf3 Rd2 30. b4 Rd4 31. b5 Rxc4 32. bxc6 bxc6
33. h5 Kg7 34. Ke3 f5 35. Kd3 Re4 36. a3 Kf6 37. h6 Ke5 38. a4 f4 39. a5 f3 40.
a6 f2 41. Kc3 f1=Q 42. Kd2 Qf3 43. Kc2 Re2+ 44. Kd1 Qf1# 0-1

[Event "NM for klubblag 2010"]
[Site "Drammen"]
[Date "2010.10.09"]
[Round "3"]
[Board "1"]
[White "Urkedal, Frode Olav Olsen"]
[Black "Johannessen, Leif E"]
[Result "1/2-1/2"]
[WhiteElo "2424"]
[BlackElo "2503"]
[PlyCount "110"]
[WhiteTeam "1911"]
[BlackTeam "OSS 1"]

1. d4 Nf6 2. c4 e6 3. Nf3 d5 4. Nc3 Be7 5. Bg5 h6 6. Bh4 O-O 7. e3 b6 8. Be2
Bb7 9. Bxf6 Bxf6 10. cxd5 exd5 11. O-O Qe7 12. Qb3 Rd8 13. Rfd1 g6 14. Rac1 Bg7
15. Bf1 c6 16. Re1 Na6 17. e4 dxe4 18. Nxe4 Qb4 19. Qc2 Nc7 20. a3 Qf8 21. Rcd1
Nd5 22. Bc4 Rac8 23. Qb3 Rc7 24. Ne5 Re7 25. Nc3 Kh7 26. Nxd5 cxd5 27. Bb5 f6
28. Nf3 Rd6 29. Qc2 Rde6 30. Rxe6 Rxe6 31. Rc1 Qe7 32. Qc7 f5 33. h3 a6 34. Bd3
b5 35. Qf4 Rc6 36. Rxc6 Bxc6 37. h4 h5 38. Ng5+ Kg8 39. g3 Bf6 40. Qb8+ Kg7 41.
Nf3 Qe6 42. Kg2 Be8 43. Qc7+ Kh6 44. Bc2 Bf7 45. Bb3 Kg7 46. Ne5 f4 47. Qxf7+
Qxf7 48. Nxf7 Kxf7 49. Bxd5+ Ke7 50. gxf4 Bxd4 51. b3 Bb2 52. a4 bxa4 53. bxa4
Kf6 54. Be4 a5 55. Bd3 Bd4 1/2-1/2

[Event "NM for klubblag 2010"]
[Site "Drammen"]
[Date "2010.10.09"]
[Round "3"]
[Board "3"]
[White "Bae, Torstein"]
[Black "Moen, Andreas G R"]
[Result "1-0"]
[WhiteElo "2400"]
[BlackElo "2331"]
[PlyCount "81"]
[WhiteTeam "1911"]
[BlackTeam "OSS 1"]

1. d4 Nf6 2. Nf3 e6 3. c4 Bb4+ 4. Nbd2 b6 5. g3 Bb7 6. Bg2 O-O 7. O-O Bxd2 8.
Bxd2 d6 9. c5 bxc5 10. dxc5 Ne4 11. Be3 Nxc5 12. Bxc5 dxc5 13. Qc2 Na6 14. a3
Rb8 15. e4 Qf6 16. Nd2 Bc8 17. Nc4 e5 18. f4 exf4 19. e5 Qh6 20. Rxf4 Bb7 21.
Bxb7 Rxb7 22. Raf1 Rbb8 23. Ne3 c4 24. Qf2 Qe6 25. Nxc4 Qe7 26. b4 c5 27. b5
Nc7 28. a4 Nd5 29. Rf3 Nb6 30. Na5 Qe6 31. Nc6 Rb7 32. Qc2 Nd7 33. Qe4 Rb6 34.
Rd3 h6 35. Rd6 Qh3 36. Qd5 Nb8 37. Ne7+ Kh7 38. Rxf7 Rxd6 39. exd6 Rxf7 40.
Qxf7 Qg4 41. Qg8# 1-0

[Event "NM for klubblag 2010"]
[Site "Drammen"]
[Date "2010.10.09"]
[Round "3"]
[Board "4"]
[White "Trygstad, Kristian D"]
[Black "Bjerke, Silje"]
[Result "1-0"]
[WhiteElo "2295"]
[BlackElo "2185"]
[PlyCount "115"]
[WhiteTeam "OSS 1"]
[BlackTeam "1911"]

1. e4 e5 2. Nf3 Nc6 3. Bc4 Nf6 4. d3 Bc5 5. c3 a6 6. Bb3 d6 7. h3 Ba7 8. Nbd2
O-O 9. Nf1 d5 10. Qe2 d4 11. Ng3 Qd6 12. O-O b5 13. Nh4 Ne7 14. c4 Be6 15. cxb5
Bxb3 16. axb3 axb5 17. Nhf5 Nxf5 18. Nxf5 Qe6 19. Bg5 c5 20. f4 exf4 21. Rxf4
Nd7 22. Bh6 g6 23. Bxf8 gxf5 24. Bxc5 Nxc5 25. Rxf5 Nxb3 26. Raf1 Rf8 27. Qg4+
Kh8 28. Qh5 Qg6 29. Qxg6 hxg6 30. Rxb5 Nc5 31. Ra1 Rb8 32. Rxb8+ Bxb8 33. Ra8
Nd7 34. Kf1 Kg7 35. Ra4 Be5 36. b4 Kf6 37. Ra6+ Ke7 38. Ke2 Bd6 39. b5 Bc5 40.
h4 Bb6 41. g4 Kf6 42. Ra1 Ne5 43. Rc1 Kg7 44. Rc8 Nxg4 45. Rc6 Ba5 46. b6 Ne5
47. Rc5 Bxb6 48. Rxe5 Kf6 49. Rd5 Ke6 50. Kf2 Ba7 51. Rb5 Kf6 52. Kf3 Ke6 53.
Kf4 Kf6 54. e5+ Ke6 55. Ke4 f6 56. exf6 Kxf6 57. Kd5 Kf5 58. Rb7 1-0

[Event "NM for klubblag 2010"]
[Site "Drammen"]
[Date "2010.10.09"]
[Round "3"]
[Board "5"]
[White "Skrondal, Inge Sandstad"]
[Black "Kovachev, Daniel Jakobsen"]
[Result "1-0"]
[WhiteElo "2181"]
[BlackElo "2315"]
[PlyCount "67"]
[WhiteTeam "Akademisk 1"]
[BlackTeam "OSS 2"]

1. d4 f5 2. g3 Nf6 3. Bg2 e6 4. c4 c6 5. Nf3 d5 6. O-O Bd6 7. Bf4 Bxf4 8. gxf4
Nbd7 9. Nc3 h6 10. Qd3 Ne4 11. Ne5 O-O 12. Rac1 Nxe5 13. dxe5 b6 14. cxd5 exd5
15. b4 Be6 16. e3 Nxc3 17. Rxc3 Qd7 18. Rfc1 Rac8 19. Qc2 Qf7 20. Qd1 Qd7 21.
Qa4 b5 22. Qa6 d4 23. Rd3 Qf7 24. Rxd4 Bxa2 25. Rxc6 Rxc6 26. Qxc6 Kh8 27. Rd7
Qb3 28. Qxb5 Qb1+ 29. Bf1 Qe4 30. Qb7 Qb1 31. Rxg7 Rg8 32. Rxg8+ Bxg8 33. Qxa7
Bc4 34. Qb8+ 1-0

[Event "NM for klubblag 2010"]
[Site "Drammen"]
[Date "2010.10.09"]
[Round "3"]
[Board "7"]
[White "Dulman, Egmond-Gabriel"]
[Black "Valla, Martin"]
[Result "0-1"]
[WhiteElo "2004"]
[BlackElo "2030"]
[PlyCount "80"]
[WhiteTeam "Akademisk 1"]
[BlackTeam "OSS 2"]

1. d4 d5 2. c4 dxc4 3. Nf3 Nf6 4. Nc3 a6 5. a4 Nc6 6. e3 Na5 7. Ne5 Be6 8. Qf3
g6 9. Bd2 c6 10. Rd1 Bh6 11. Be2 Qc7 12. O-O O-O 13. Ne4 Nxe4 14. Qxe4 Bg7 15.
Bxa5 Qxa5 16. Bxc4 Bf5 17. Qf4 Bxe5 18. dxe5 Rad8 19. b3 Kg7 20. g4 Bc2 21.
Rxd8 Qxd8 22. a5 Qxa5 23. Qd4 e6 24. Ra1 Qc7 25. f3 b5 26. Bf1 Bxb3 27. Rxa6 c5
28. Qc3 Bc4 29. Bxc4 bxc4 30. Rd6 Qb7 31. e4 Qb3 32. Qc1 Qxf3 33. Qg5 Ra8 34.
Qc1 Qxg4+ 35. Kf1 Qf3+ 36. Kg1 Ra2 37. Rd2 Qe3+ 38. Kh1 Qxd2 39. Qxd2 Rxd2 40.
Kg1 c3 0-1

[Event "NM for klubblag 2010"]
[Site "Drammen"]
[Date "2010.10.09"]
[Round "3"]
[Board "8"]
[White "Guddahl, Viggo"]
[Black "Fredriksen, Jan Gunnar"]
[Result "1-0"]
[WhiteElo "1966"]
[BlackElo "1746"]
[PlyCount "117"]
[WhiteTeam "OSS 2"]
[BlackTeam "Akademisk 1"]

1. Nf3 Nf6 2. g3 g6 3. Bg2 Bg7 4. O-O O-O 5. c4 c5 6. Nc3 Nc6 7. e3 d6 8. d4
cxd4 9. exd4 Bg4 10. h3 Bf5 11. Re1 h5 12. d5 Nb8 13. Nh4 Bc8 14. Qe2 Re8 15.
Be3 Nbd7 16. Rad1 b6 17. f4 Nf8 18. Rf1 N6h7 19. Ne4 f5 20. Nc3 Bd7 21. Bd4 Nf6
22. Nf3 Rc8 23. Ng5 Qc7 24. b3 e5 25. dxe6 Bxe6 26. Qd2 Rcd8 27. Nd5 Bxd5 28.
Bxf6 Qc5+ 29. Bd4 Bxd4+ 30. Qxd4 Qxd4+ 31. Rxd4 Bxg2 32. Kxg2 Ne6 33. Nxe6 Rxe6
34. Kf2 Kf7 35. Rfd1 Ke7 36. R1d3 Rc8 37. Re3 Rxe3 38. Kxe3 Kd7 39. Rd5 Re8+
40. Kf2 Kc6 41. Rd2 a5 42. g4 hxg4 43. hxg4 Rf8 44. Kg3 Kd7 45. Kh4 fxg4 46.
Kxg4 Rf5 47. Rd5 Rxd5 48. cxd5 Ke7 49. Kg5 Kf7 50. f5 gxf5 51. Kxf5 b5 52. a3
Ke7 53. Kg6 Ke8 54. Kf6 Kd7 55. Kf7 Kd8 56. Ke6 Kc7 57. Ke7 a4 58. b4 Kc8 59.
Kxd6 1-0

[Event "NM for klubblag 2010"]
[Site "Drammen"]
[Date "2010.10.09"]
[Round "3"]
[Board "9"]
[White "Kostadinov, Kaloyan"]
[Black "Daskevics, Vadims"]
[Result "0-1"]
[WhiteElo "2024"]
[BlackElo "2379"]
[PlyCount "58"]
[WhiteTeam "Stjernen"]
[BlackTeam "Stavanger 1"]

1. Nf3 Nf6 2. c4 g6 3. Nc3 Bg7 4. d4 d5 5. cxd5 Nxd5 6. e4 Nxc3 7. bxc3 c5 8.
Rb1 O-O 9. Be2 Qa5 10. Qd2 a6 11. Rb3 b5 12. Bxb5 axb5 13. Ra3 Qxa3 14. Bxa3
Rxa3 15. Qb2 Ra5 16. O-O Be6 17. a3 Bc4 18. Re1 Nc6 19. e5 Rfa8 20. Nd2 cxd4
21. cxd4 Rxa3 22. Nxc4 bxc4 23. Qb6 R8a6 24. Qc5 c3 25. f4 e6 26. Rc1 Bf8 27.
Qc4 Nb4 28. g4 c2 29. f5 Ra1 0-1

[Event "NM for klubblag 2010"]
[Site "Drammen"]
[Date "2010.10.09"]
[Round "3"]
[Board "10"]
[White "Løvik, Lasse Østebø"]
[Black "Omtvedt, Per"]
[Result "1/2-1/2"]
[WhiteElo "2317"]
[BlackElo "1877"]
[PlyCount "134"]
[WhiteTeam "Stavanger 1"]
[BlackTeam "Stjernen"]

1. d4 Nf6 2. Nf3 d5 3. c4 c6 4. e3 e6 5. b3 Nbd7 6. Bb2 Bb4+ 7. Nbd2 Ne4 8. Bd3
f5 9. O-O O-O 10. a3 Bd6 11. Ne5 Qf6 12. f4 g6 13. Nxe4 fxe4 14. Be2 Qg7 15. b4
Nxe5 16. dxe5 Bc7 17. Rc1 Bb6 18. Bd4 Bxd4 19. Qxd4 Rf7 20. Kh1 b6 21. cxd5
cxd5 22. Qc3 Bb7 23. Bg4 Re7 24. b5 a6 25. a4 Qf8 26. Qb4 Qd8 27. Rc2 axb5 28.
axb5 Kf7 29. Rfc1 Rc8 30. Rxc8 Bxc8 31. Rc6 Bd7 32. Rc3 h5 33. Be2 Qa8 34. Kg1
Qa2 35. Kf1 Qd2 36. Qb3 d4 37. Rc2 Qxe3 38. Qxe3 dxe3 39. Rc3 Be8 40. Rxe3 Rc7
41. Kf2 Rc5 42. Rb3 Ke7 43. Ke3 g5 44. g3 gxf4+ 45. gxf4 Bg6 46. Ra3 Kd8 47.
Kd2 Be8 48. Ra8+ Ke7 49. Ra7+ Kd8 50. Rb7 Bxb5 51. Rxb6 Bxe2 52. Kxe2 Ke7 53.
Ke3 Rc2 54. Rb7+ Kf8 55. Kxe4 Rxh2 56. Kd4 Rh4 57. Kc5 Rxf4 58. Kd6 Ra4 59.
Kxe6 Ra6+ 60. Kf5 h4 61. Rh7 Rb6 62. Rxh4 Ra6 63. Rb4 Rc6 64. Ke4 Ra6 65. Kd5
Ke7 66. Rb7+ Ke8 67. e6 Ra1 1/2-1/2

[Event "NM for klubblag 2010"]
[Site "Drammen"]
[Date "2010.10.09"]
[Round "3"]
[Board "11"]
[White "Liabøtrø, Pål-Ole"]
[Black "Tofte, Sondre Waage"]
[Result "0-1"]
[WhiteElo "1865"]
[BlackElo "2229"]
[PlyCount "119"]
[WhiteTeam "Stjernen"]
[BlackTeam "Stavanger 1"]

1. c4 e5 2. Nc3 Nc6 3. g3 Nf6 4. Bg2 Bc5 5. e3 d6 6. Nge2 Bf5 7. d4 Bb6 8. h3
O-O 9. O-O Qd7 10. g4 exd4 11. exd4 Bg6 12. Be3 Rae8 13. Nf4 Be4 14. Nh5 Nxh5
15. Bxe4 Nf6 16. Bf5 Qd8 17. g5 Ne7 18. gxf6 Nxf5 19. fxg7 Nxg7 20. c5 Ba5 21.
Nd5 c6 22. Nf4 Bc7 23. Nh5 Nxh5 24. Qxh5 Kh8 25. Kh1 dxc5 26. dxc5 Re5 27. Qf3
Qd5 28. Qxd5 Rxd5 29. Rfd1 Rfd8 30. Rxd5 Rxd5 31. Rc1 f5 32. Rc4 Be5 33. Kg2
Kg7 34. Kf3 Kf6 35. Rb4 Rd7 36. b3 Ke6 37. Rh4 a6 38. Ke2 Bc3 39. Rc4 Be5 40.
Rh4 Kd5 41. Kd3 Rf7 42. f4 Bf6 43. Rh6 Be7 44. b4 Bf8 45. Rh5 h6 46. Bd4 Ke6
47. Be5 Rd7+ 48. Kc2 Rh7 49. a3 Be7 50. Bd6 Bf6 51. Bf8 Rh8 52. Bd6 Bg7 53. Be5
Bxe5 54. fxe5 Kxe5 55. Kd3 Kf6 56. Rh4 Rd8+ 57. Ke2 Kg5 58. Rc4 Re8+ 59. Kf2
Re4 60. Rc3 0-1

[Event "NM for klubblag 2010"]
[Site "Drammen"]
[Date "2010.10.09"]
[Round "3"]
[Board "12"]
[White "Strand, Håkon"]
[Black "Grebstad, Kjell Børre"]
[Result "1-0"]
[WhiteElo "2099"]
[BlackElo "1840"]
[PlyCount "41"]
[WhiteTeam "Stavanger 1"]
[BlackTeam "Stjernen"]

1. e4 e6 2. d4 d5 3. Nc3 Bb4 4. e5 Ne7 5. Bd2 a6 6. Qg4 Nf5 7. Nf3 c5 8. dxc5
Bxc5 9. Bd3 h5 10. Qf4 Nc6 11. Rf1 b5 12. O-O-O Nb4 13. Bxf5 exf5 14. Be3 Bxe3+
15. fxe3 Qa5 16. a3 Nc6 17. Nxd5 Be6 18. Rd3 b4 19. Rfd1 O-O 20. Nf6+ Kh8 21.
Qg5 1-0

[Event "NM for klubblag 2010"]
[Site "Drammen"]
[Date "2010.10.09"]
[Round "3"]
[Board "13"]
[White "Østenstad, Berge"]
[Black "Gullaksen, Eirik"]
[Result "1/2-1/2"]
[WhiteElo "2435"]
[BlackElo "2323"]
[PlyCount "69"]
[WhiteTeam "Asker 1"]
[BlackTeam "Bergens"]

1. d4 Nf6 2. Nf3 g6 3. c4 Bg7 4. Nc3 O-O 5. e4 d6 6. Be2 e5 7. d5 Na6 8. Bg5 h6
9. Bh4 g5 10. Bg3 Nxe4 11. Nxe4 f5 12. Nc3 f4 13. Nd2 Nc5 14. O-O Bf5 15. Bg4
Qd7 16. Bxf5 Qxf5 17. Qb1 fxg3 18. hxg3 e4 19. Ndxe4 Nxe4 20. Qxe4 Qxe4 21.
Nxe4 Rae8 22. Rfe1 Bxb2 23. Rad1 Kg7 24. g4 Kg6 25. g3 Rf3 26. Kg2 Ra3 27. Re2
Be5 28. c5 Rf8 29. cxd6 cxd6 30. Rc1 Rd3 31. Rd2 Rff3 32. Re2 Rf7 33. Rd2 Rff3
34. Re2 Rf7 35. Rd2 1/2-1/2

[Event "NM for klubblag 2010"]
[Site "Drammen"]
[Date "2010.10.09"]
[Round "3"]
[Board "14"]
[White "Gabrielsen, Stig"]
[Black "Sahl, Bjarke"]
[Result "1/2-1/2"]
[WhiteElo "2274"]
[BlackElo "2345"]
[PlyCount "88"]
[WhiteTeam "Bergens"]
[BlackTeam "Asker 1"]

1. e4 e5 2. Nf3 Nc6 3. Bb5 a6 4. Ba4 Nf6 5. O-O Bc5 6. c3 O-O 7. d4 Bb6 8. Bg5
h6 9. Bh4 d6 10. Bxc6 bxc6 11. dxe5 dxe5 12. Qe2 Bg4 13. h3 Bh5 14. g4 Bg6 15.
Nbd2 Qe7 16. Bg3 Nd7 17. Nh4 Bh7 18. Nc4 f6 19. Kh2 Rfd8 20. Rfd1 Kh8 21. Rd2
Nc5 22. Nf5 Rxd2 23. Nxd2 Qd7 24. Nc4 Rd8 25. b4 Na4 26. Nxb6 cxb6 27. Qxa6
Nxc3 28. Qxb6 Nxe4 29. a4 Bxf5 30. gxf5 Nd2 31. a5 Nf3+ 32. Kg2 Qd5 33. Kf1 Kh7
34. a6 Nh2+ 35. Kg1 Nf3+ 36. Kf1 Nd4 37. Kg1 Nf3+ 38. Kf1 Nd2+ 39. Kg1 Nf3+ 40.
Kf1 e4 41. h4 Nd2+ 42. Kg1 Nf3+ 43. Kf1 Nd2+ 44. Kg1 Nf3+ 1/2-1/2

[Event "NM for klubblag 2010"]
[Site "Drammen"]
[Date "2010.10.09"]
[Round "3"]
[Board "15"]
[White "Ekeberg, Carl Fr"]
[Black "Gabrielsen, Trond"]
[Result "1/2-1/2"]
[WhiteElo "2252"]
[BlackElo "2223"]
[PlyCount "69"]
[WhiteTeam "Asker 1"]
[BlackTeam "Bergens"]

1. Nf3 f5 2. d4 Nf6 3. g3 e6 4. Bg2 d5 5. O-O Bd6 6. c4 c6 7. b3 Qe7 8. Bb2 b6
9. Qc2 Bb7 10. Ba3 Nbd7 11. Bxd6 Qxd6 12. Qb2 c5 13. e3 O-O 14. Nbd2 Ne4 15.
Rad1 Qe7 16. Ne1 Ndf6 17. Nd3 Rfd8 18. Nf3 cxd4 19. exd4 Ba6 20. Nde5 Rac8 21.
Rc1 Bb7 22. Rfd1 Rf8 23. Ne1 f4 24. N1d3 fxg3 25. hxg3 dxc4 26. bxc4 Ng5 27.
Qe2 Bxg2 28. Kxg2 Qb7+ 29. f3 Nd7 30. Rf1 Rcd8 31. Qe3 Nxe5 32. Nxe5 Nf7 33.
Nxf7 Qxf7 34. Rf2 Qg6 35. Re1 1/2-1/2

[Event "NM for klubblag 2010"]
[Site "Drammen"]
[Date "2010.10.09"]
[Round "3"]
[Board "16"]
[White "Martinsen, Stig K"]
[Black "Aulin-Jansson, Jøran"]
[Result "0-1"]
[WhiteElo "2160"]
[BlackElo "2121"]
[PlyCount "74"]
[WhiteTeam "Bergens"]
[BlackTeam "Asker 1"]

1. d4 Nf6 2. Bg5 c5 3. d5 Qb6 4. Nc3 Qxb2 5. Bd2 Qb6 6. e4 d6 7. f4 e6 8. Rb1
Qd8 9. Bb5+ Bd7 10. Qe2 Be7 11. Nf3 O-O 12. dxe6 Bxe6 13. f5 Bd7 14. O-O Bxb5
15. Qxb5 b6 16. Rfd1 Qc8 17. Bf4 Rd8 18. Qc4 h6 19. Nb5 Qc6 20. Bxd6 Bxd6 21.
e5 Be7 22. exf6 Bxf6 23. Rxd8+ Bxd8 24. Ne5 Qf6 25. Qd5 a6 26. Nxf7 Qxf7 27.
Qxa8 axb5 28. Qxb8 Qd5 29. Re1 Kh7 30. Qe5 Qxa2 31. Qd6 Bf6 32. Qxb6 Qc4 33.
Qe6 Qxc2 34. h4 b4 35. Re2 Qc1+ 36. Kh2 Qf4+ 37. Kg1 Bd4+ 0-1

[Event "NM for klubblag 2010"]
[Site "Drammen"]
[Date "2010.10.09"]
[Round "3"]
[Board "17"]
[White "Gandrud, Vegar Koi"]
[Black "Thanke, Bror"]
[Result "1-0"]
[WhiteElo "2191"]
[BlackElo "2088"]
[PlyCount "109"]
[WhiteTeam "Hønefoss 1"]
[BlackTeam "Nordstrand 1"]

1. d4 Nf6 2. c4 g6 3. Nc3 Bg7 4. e4 d6 5. Nf3 O-O 6. Be2 e5 7. dxe5 dxe5 8.
Qxd8 Rxd8 9. Bg5 Re8 10. O-O-O Nc6 11. Nd5 Nxd5 12. cxd5 Nd4 13. Nxd4 exd4 14.
f3 Bd7 15. Kb1 f5 16. Bd3 fxe4 17. Bxe4 Bf5 18. Bxf5 gxf5 19. Rhe1 Be5 20. Kc2
Kf7 21. f4 Bg7 22. Kd3 Rxe1 23. Rxe1 Re8 24. Rc1 c6 25. dxc6 bxc6 26. Rxc6 Re3+
27. Kd2 Bf8 28. Rc4 Re4 29. Kd3 h6 30. Rc7+ Ke6 31. Bxh6 Bxh6 32. Rc6+ Kd5 33.
Rxh6 Rxf4 34. Ra6 Rf2 35. Ra5+ Ke6 36. Kxd4 Rd2+ 37. Kc3 Rxg2 38. Rxa7 Rxh2 39.
Rb7 f4 40. Kd3 Kf5 41. a4 Rh3+ 42. Ke2 Re3+ 43. Kf2 Re4 44. b4 Rc4 45. a5 Ke4
46. a6 Rc2+ 47. Ke1 f3 48. a7 f2+ 49. Kf1 Ra2 50. b5 Kf3 51. Rf7+ Ke3 52. b6
Ra1+ 53. Kg2 Rg1+ 54. Kh2 Ra1 55. b7 1-0

[Event "NM for klubblag 2010"]
[Site "Drammen"]
[Date "2010.10.09"]
[Round "3"]
[Board "18"]
[White "Sørgjerd, Jan"]
[Black "Thingstad, Even"]
[Result "0-1"]
[WhiteElo "1983"]
[BlackElo "2120"]
[PlyCount "120"]
[WhiteTeam "Nordstrand 1"]
[BlackTeam "Hønefoss 1"]

1. d4 d5 2. Nf3 Nf6 3. c4 c6 4. Nc3 dxc4 5. a4 Bf5 6. e3 e6 7. Bxc4 Bb4 8. O-O
O-O 9. h3 Nbd7 10. Qe2 Bg6 11. Rd1 Qe7 12. Bd3 Bxd3 13. Qxd3 Rfd8 14. Ne4 c5
15. Bd2 cxd4 16. exd4 Nxe4 17. Qxe4 Bxd2 18. Rxd2 Qb4 19. Qe2 Rac8 20. Rc2 Nb6
21. Qd2 Qxd2 22. Rxd2 Rc4 23. b3 Rc3 24. Rb1 Nd5 25. Ne5 Nb4 26. Rbb2 Rd5 27.
Kf1 Kf8 28. Ke2 Ke7 29. Nf3 Rd8 30. Ng5 Nd5 31. g3 Rdc8 32. Ne4 Rc1 33. Rd1
R1c6 34. Rdd2 h6 35. h4 b6 36. f3 Rc1 37. Rd1 Rxd1 38. Kxd1 f5 39. Nd2 Nb4 40.
Nc4 Rd8 41. Rd2 Nc6 42. Ne5 Nxd4 43. Ke1 Rd5 44. Rxd4 Rxe5+ 45. Kf2 Rd5 46. Rc4
Rc5 47. Rb4 e5 48. Ke3 Rc3+ 49. Kf2 Rc5 50. Ke3 Ke6 51. Kd3 Rc1 52. a5 Rc6 53.
Kd2 Kf6 54. axb6 Rxb6 55. Ra4 Rxb3 56. Ra6+ Rb6 57. Rxa7 Rb2+ 58. Ke3 Rg2 59.
Ra6+ Kf7 60. Ra7+ Kg6 0-1

[Event "NM for klubblag 2010"]
[Site "Drammen"]
[Date "2010.10.09"]
[Round "3"]
[Board "19"]
[White "Myhrvold, Rune"]
[Black "Glenne, Bjørn Erik"]
[Result "1-0"]
[WhiteElo "2118"]
[BlackElo "2126"]
[PlyCount "69"]
[WhiteTeam "Hønefoss 1"]
[BlackTeam "Nordstrand 1"]

1. e4 c6 2. d4 d5 3. e5 Bf5 4. Nf3 e6 5. Be2 Nd7 6. O-O Ne7 7. b3 c5 8. dxc5
Nc6 9. Be3 Nxc5 10. Nd4 Nxd4 11. Bxd4 Be7 12. Nd2 O-O 13. g4 Bg6 14. f4 Qd7 15.
b4 Ne4 16. Nxe4 Bxe4 17. c3 f5 18. g5 Rfc8 19. Qd2 Qa4 20. a3 Rc7 21. Rfc1 Rac8
22. Qd1 Qxd1+ 23. Rxd1 a5 24. Bb5 Kf7 25. Rd2 h6 26. h4 hxg5 27. hxg5 Ra8 28.
Raa2 axb4 29. axb4 Rcc8 30. Rxa8 Rxa8 31. Kf2 Rh8 32. Kg3 Ra8 33. Rh2 Ra3 34.
g6+ Kxg6 35. Be8# 1-0

[Event "NM for klubblag 2010"]
[Site "Drammen"]
[Date "2010.10.09"]
[Round "3"]
[Board "21"]
[White "Hjelmås, Lars"]
[Black "Haugli, Petter"]
[Result "1-0"]
[WhiteElo "2248"]
[BlackElo "2255"]
[PlyCount "87"]
[WhiteTeam "Drammen Tigers"]
[BlackTeam "Moss 1"]

1. d4 Nf6 2. c4 c5 3. d5 b5 4. cxb5 a6 5. Nc3 axb5 6. e4 b4 7. Nb5 d6 8. Bf4 g5
9. Bxg5 Nxe4 10. Nf3 Bg7 11. Bd3 Nxg5 12. Nxg5 h6 13. Ne6 fxe6 14. Qh5+ Kd7 15.
Be4 Ba6 16. dxe6+ Kc8 17. Bxa8 Bxb5 18. O-O-O Nc6 19. Kb1 Nd4 20. Rd2 Kb8 21.
Bd5 Qf8 22. Be4 Qf4 23. Rxd4 Bxd4 24. Qd5 Bd3+ 25. Bxd3 Qxf2 26. Bc2 Kc7 27.
Rd1 Rg8 28. g3 Rb8 29. Qc4 Rb6 30. Qb3 Ra6 31. Qd3 Kb6 32. Rf1 Qxh2 33. Rf7 Ra7
34. a4 Qh1+ 35. Ka2 Qc6 36. b3 Bf6 37. Rf8 Kc7 38. Qh7 Kb6 39. Qg8 Ka5 40. Rb8
d5 41. Qd8+ Ka6 42. Rc8 Qd6 43. Qe8 Kb7 44. Rd8 1-0

[Event "NM for klubblag 2010"]
[Site "Drammen"]
[Date "2010.10.09"]
[Round "3"]
[Board "22"]
[White "Hagen, Anders G"]
[Black "Breivik, Lars"]
[Result "0-1"]
[WhiteElo "2081"]
[BlackElo "2176"]
[PlyCount "88"]
[WhiteTeam "Moss 1"]
[BlackTeam "Drammen Tigers"]

1. d4 Nf6 2. c4 c5 3. d5 b5 4. cxb5 a6 5. bxa6 Bxa6 6. g3 g6 7. Bg2 d6 8. Nc3
Bg7 9. Nf3 O-O 10. O-O Nbd7 11. Rb1 Qa5 12. Qc2 Rfb8 13. b3 Nb6 14. Bd2 Nfd7
15. Rfe1 Bb7 16. a4 c4 17. Nb5 cxb3 18. Qxb3 Qxa4 19. Nc7 Qxb3 20. Rxb3 Ra4 21.
e4 Rc8 22. Ne6 fxe6 23. dxe6 Bxe4 24. exd7 Nxd7 25. Bh3 Rd8 26. Be6+ Kf8 27.
Ng5 Nc5 28. Rbe3 Bh6 29. Rxe4 Bxg5 30. Rxa4 Bxd2 31. Rea1 Nxe6 32. Ra7 Bc3 33.
Rb1 Bd4 34. Ra4 Kf7 35. Kg2 Rc8 36. Ra2 Bf6 37. Re2 g5 38. Rb7 Nd4 39. Rd2 h5
40. h3 Rc6 41. Ra2 h4 42. Rb8 Rc3 43. Rb4 hxg3 44. fxg3 Nf5 0-1